Les ensembles de sculptures à Paris - Statistiques

Statistiques générales
  • Ce quiz a été pris 15 fois
  • Le résultat moyen est 18 sur 98
Statistiques - réponses
Lieu Statues % Correct
Place de la Concorde / Villes L - 69 Lyon
90%
Place de la Concorde / Villes B - 33 Bordeaux
80%
Place de la Concorde / Villes L - 59 Lille
80%
Place de la Concorde / Villes M - 13 Marseille
80%
Place de la Concorde / Villes R - 76 Rouen
80%
Jardin du Luxembourg / Reines et Femmes illustres Reine - MDM Marie de Médicis
70%
Pont Alexandre III / La France (époques) MA Moyen-âge
70%
Place de la Concorde / Villes N - 44 Nantes
70%
Place de la Concorde / Villes S - 67 Strasbourg
70%
Place de la Concorde / Villes B - 29 Brest
60%
Pont Alexandre III / La France (époques) R Renaissance
50%
Jardin du Luxembourg / Reines et Femmes illustres Sainte - SG Sainte Geneviève
50%
Parvis du Musée d'Orsay / Les continents A Afrique
40%
Parvis du Musée d'Orsay / Les continents A Amérique du Nord
40%
Parvis du Musée d'Orsay / Les continents A Amérique du Sud
40%
Jardin du Luxembourg / Reines et Femmes illustres Reine - ADA Anne d'Autriche
40%
Parvis du Musée d'Orsay / Les continents A Asie
40%
Jardin du Luxembourg / Reines et Femmes illustres Reine - B Berthe
40%
Parvis du Musée d'Orsay / Les continents E Europe
40%
Jardin du Luxembourg / Artistes et Personnalités Henry Murger - HM Henry Murger
40%
Pont Alexandre III / La France (époques) M Moderne
40%
Parvis du Musée d'Orsay / Les continents O Océanie
40%
Jardin du Luxembourg / Artistes et Personnalités Politique - PMF Pierre Mendès-France
40%
Jardin du Luxembourg / Reines et Femmes illustres Reine - ADB Anne de Bretagne
30%
Jardin du Luxembourg / Artistes et Personnalités Poète - CB Charles Beaudelaire
30%
Parvis du Musée d'Orsay / Les animaux C Cheval
30%
Façade de la mairie du Xe / Arts T Théâtre
30%
Jardin du Luxembourg / Reines et Femmes illustres Reine - BDC Blanche de Castille
20%
Parvis du Musée d'Orsay / Les animaux E Eléphant
20%
Jardin du Luxembourg / Artistes et Personnalités Ecrivain - GF Gustave Flaubert
20%
Jardin du Luxembourg / Artistes et Personnalités Peintre - I Ingres
20%
Jardin du Luxembourg / Reines et Femmes illustres Régente - LDS Louise de Savoie
20%
Pont Alexandre III / La France (époques) L Louis XIV
20%
Jardin du Luxembourg / Reines et Femmes illustres Reine - MS Marie Stuart
20%
Jardin du Luxembourg / Artistes et Personnalités Juriste - M Montesquieu
20%
Parvis du Musée d'Orsay / Les animaux R Rhinocéros
20%
Jardin du Luxembourg / Artistes et Personnalités Ecrivain - SZ Stefan Zweig
20%
Jardin du Luxembourg / Artistes et Personnalités Peintre - W Watteau
20%
Jardin du Luxembourg / Reines et Femmes illustres Régente - ADB Anne de Beaujeu
10%
Jardin du Luxembourg / Artistes et Personnalités Sculpteur - DDA David d'Angers
10%
Jardin du Luxembourg / Artistes et Personnalités Sculpteur - FR François Rude
10%
Jardin du Luxembourg / Artistes et Personnalités Compositeur - FC Frédéric Chopin
10%
Jardin du Luxembourg / Artistes et Personnalités Ecrivain - GS George Sand
10%
Pont Alexandre III / Les renommées G Guerre
10%
Jardin du Luxembourg / Artistes et Personnalités Peintre - JFM Jean-François Millet
10%
Jardin du Luxembourg / Reines et Femmes illustres Grande M. - MDM Mademoiselle de Montpensier
10%
Jardin du Luxembourg / Reines et Femmes illustres Reine - MDP Marguerite de Provence
10%
Jardin du Luxembourg / Artistes et Personnalités Poète - PV Paul Verlaine
10%
Jardin du Luxembourg / Artistes et Personnalités Ecrivain - SB Sainte-Beuve
10%
Jardin du Luxembourg / Artistes et Personnalités Ecrivain - S Stendhal
10%
Jardin du Luxembourg / Artistes et Personnalités Historien - TDB Théodore de Bainville
10%
Jardin du Luxembourg / Artistes et Personnalités Peintre - TR Théodore Rousseau
10%
Jardin du Luxembourg / Artistes et Personnalités Sculpteur - AB Antoine Barye
0%
Jardin du Luxembourg / Artistes et Personnalités Peintre - AG Antoine Gros
0%
Pont Alexandre III / Les renommées A Arts
0%
Façade de la mairie du Xe / Arts B Broderie
0%
Arc de triomphe du Carrousel / Les soldats C Canonnier
0%
Arc de triomphe du Carrousel / Les soldats CAC Carabinier à cheval
0%
Arc de triomphe du Carrousel / Les soldats CDL Carabinier de ligne
0%
Façade de la mairie du Xe / Arts C Céramique
0%
Arc de triomphe du Carrousel / Les soldats CAC Chasseur à cheval
0%
Jardin du Luxembourg / Reines et Femmes illustres Toulouse - CI Clémence Isaure
0%
Jardin du Luxembourg / Reines et Femmes illustres Reine - C Clotilde
0%
Pont Alexandre III / Les renommées C Commerce
0%
Jardin du Luxembourg / Reines et Femmes illustres Ecrivain - CDS Comtesse de Ségur
0%
Arc de triomphe du Carrousel / Les soldats C Cuirassier
0%
Arc de triomphe du Carrousel / Les soldats D Dragon
0%
Jardin du Luxembourg / Artistes et Personnalités Physicien - EB Edouard Branly
0%
Jardin du Luxembourg / Artistes et Personnalités Poète - EP Etienne Pasquier
0%
Jardin du Luxembourg / Artistes et Personnalités Peintre - ED Eugène Delacroix
0%
Jardin du Luxembourg / Artistes et Personnalités Peintre - ED Eugène Delacroix
0%
Jardin du Luxembourg / Artistes et Personnalités Ecrivain - FF Ferdinand Fabre
0%
Façade de la mairie du Xe / Arts FA Fleurs artificielles
0%
Jardin du Luxembourg / Artistes et Personnalités Politique - FLP Frédéric Le play
0%
Jardin du Luxembourg / Artistes et Personnalités Ecrivain - GV Gabriel Vicaire
0%
Arc de triomphe du Carrousel / Les soldats G Grenadier
0%
Jardin du Luxembourg / Artistes et Personnalités Peintre - JLD Jacques Louis David
0%
Jardin du Luxembourg / Artistes et Personnalités Sculpteur - JP James Pradier
0%
Jardin du Luxembourg / Artistes et Personnalités Sculpteur - JAH Jean-Antoine Houdon
0%
Jardin du Luxembourg / Reines et Femmes illustres Reine - JDA Jeanne d'Albret
0%
Jardin du Luxembourg / Artistes et Personnalités Poète - JMDH José Maria de Hérédia
0%
Jardin du Luxembourg / Artistes et Personnalités Compositeur - JM Jules Massenet
0%
Jardin du Luxembourg / Reines et Femmes illustres Pétrarque - LDN Laure de Noves
0%
Jardin du Luxembourg / Artistes et Personnalités Poète - LDL Leconte de Lisle
0%
Jardin du Luxembourg / Artistes et Personnalités Journaliste - LR Louis Ratisbonne
0%
Jardin du Luxembourg / Artistes et Personnalités Compositeur - LVB Ludvig van Beethoven
0%
Jardin du Luxembourg / Reines et Femmes illustres Soeur de roi - MDA Marguerite d'Angoulême
0%
Jardin du Luxembourg / Reines et Femmes illustres Reine - M Mathilde
0%
Façade de la mairie du Xe / Arts O Orfévrerie
0%
Façade de la mairie du Xe / Arts P Parfums
0%
Façade de la mairie du Xe / Arts P Passementerie
0%
Jardin du Luxembourg / Artistes et Personnalités Peintre - PPP Pierre Paul Prud'hon
0%
Jardin du Luxembourg / Reines et Femmes illustres Sainte - SS Sainte Suzanne
0%
Arc de triomphe du Carrousel / Les soldats S Sapeur
0%
Jardin du Luxembourg / Artistes et Personnalités Chimiste - SK Scheurer-Kestner
0%
Pont Alexandre III / Les renommées S Sciences
0%
Jardin du Luxembourg / Reines et Femmes illustres Visconti - VDM Valentine de Milan
0%
Façade de la mairie du Xe / Arts V Verrerie
0%
Aucun quiz correspondant
Distribution des résultats
% des personnes avec chaque résultat
Percentile par nombre de réponses
Votre historique - résultats
Vous n’avez pas pris ce quiz